| 000 -LEADER |
| fixed length control field |
01541pab a2200169 454500 |
| 008 - FIXED-LENGTH DATA ELEMENTS--GENERAL INFORMATION |
| fixed length control field |
180718b2002 xxu||||| |||| 00| 0 eng d |
| 100 ## - MAIN ENTRY--PERSONAL NAME |
| Personal name |
Posner, Daniel N. |
| 245 ## - TITLE STATEMENT |
| Title |
Economic conditions and incumbent support in Africa's new democracies: evidence from Zambia |
| 260 ## - PUBLICATION, DISTRIBUTION, ETC. |
| Date of publication, distribution, etc. |
2002 |
| 300 ## - PHYSICAL DESCRIPTION |
| Extent |
p.313-36. |
| 362 ## - DATES OF PUBLICATION AND/OR SEQUENTIAL DESIGNATION |
| Dates of publication and/or sequential designation |
Apr |
| 520 ## - SUMMARY, ETC. |
| Summary, etc. |
In this article, the authors investigate the effects of economic conditions on support for an incumbent regime in a new African democracy. Drawing on two unique data sources from Zambia - the results of a 1,200 - respondent post election survey and a pair of 10,000-household poverty surveys conducted in the same years as that country's first two posttransition general elections - the authors find evidence that declining economic conditions coincide with the withdrawal of support for the incumbent president, although the effects of changing economic conditions are relatively small compared to noneeconomic determinants of the vote such as ethnic affiliation and urban/rural location. The authors also find that, to the extent that voters respond to declining economic conditions, they do so via withdrawal from the electoral process rather than via support for the opposition. The findings suggest that African electorates are at least modestly responsive to economic trends but that noneeconomic motivations still predominate in any given election. - Reproduced. |
| 650 ## - SUBJECT ADDED ENTRY--TOPICAL TERM |
| Topical term or geographic name entry element |
Economic conditions |
| 700 ## - ADDED ENTRY--PERSONAL NAME |
| Personal name |
Simon, David J. |
| 773 ## - HOST ITEM ENTRY |
| Main entry heading |
Comparative Political Studies |
| 909 ## - |
| -- |
52332 |